Loading...
| Literature - British | 0 | 8 | 1 | 0 | 75 | 44 | 71.63 | 0 | 2 | 27.22 | 43.02 |
| Fine Arts - Classical Music | 0 | 7 | 1 | 1 | 65 | 31 | 69.86 | 0 | 2 | 24.50 | 34.23 |
| Literature - European | 0 | 6 | 0 | 0 | 60 | 58 | 70.67 | 0 | 4 | 20.19 | 34.57 |
| Literature - American | 0 | 6 | 1 | 0 | 55 | 32 | 54.00 | 1 | 5 | 29.26 | 40.10 |
| Literature - World | 0 | 5 | 0 | 0 | 50 | 63 | 77.60 | 0 | 2 | 15.98 | 27.48 |
| Fine Arts - Other | 0 | 5 | 0 | 2 | 50 | 57 | 89.40 | 1 | 1 | 9.89 | 15.12 |
| Mythology | 0 | 4 | 1 | 1 | 35 | 34 | 75.75 | 1 | 1 | 12.10 | 19.01 |
| History - European | 0 | 3 | 0 | 0 | 30 | 60 | 73.00 | 0 | 0 | 9.33 | 6.61 |
| Science - Biology | 0 | 3 | 0 | 1 | 30 | 64 | 80.00 | 0 | 0 | 5.73 | 7.41 |
| Science - Chemistry | 0 | 3 | 1 | 2 | 25 | 96 | 100.33 | 0 | 0 | 0.00 | 4.08 |
| History - American | 0 | 2 | 0 | 0 | 20 | 33 | 44.50 | 1 | 2 | 10.78 | 14.88 |
| Science - Other | 0 | 2 | 0 | 1 | 20 | 73 | 84.50 | 0 | 0 | 4.79 | 8.88 |
| Philosophy | 0 | 2 | 0 | 1 | 20 | 108 | 109.00 | 0 | 0 | 0.00 | 2.18 |
| Religion | 0 | 2 | 1 | 0 | 15 | 74 | 78.50 | 1 | 1 | 4.96 | 12.88 |
| Fine Arts - Painting and Sculpture | 0 | 2 | 2 | 0 | 10 | 58 | 68.00 | 0 | 1 | 8.18 | 12.23 |
| Social Science | 0 | 1 | 0 | 1 | 10 | 109 | 109.00 | 0 | 0 | 0.00 | 1.25 |
| Science - Physics | 0 | 2 | 3 | 0 | 5 | 67 | 69.00 | 0 | 0 | 6.34 | 9.37 |